Chicago Bulls leading scorer each game (2024-2025 season) - Statistics

General Stats
  • This quiz has been taken 18 times
  • The average score is 6 of 11
Answer Stats
# of games Player % Correct
25 Coby White
100%
12 Nikola Vucevic
80%
8 Josh Giddey
73%
25 Zach Lavine
73%
4 Ayo Dosunmu
60%
2 Patrick Williams
60%
2 Matas Buzelis
53%
1 Kevin Huerter
40%
1 Zach Collins
33%
1 Jevon Carter
27%
1 Julian Philips
13%
No matching quizzes found
Score Distribution
Percent of People with Each Score
Percentile by Number Answered
Your Score History
You have not taken this quiz